Λαογραφικά Ικαρίας : της στεριάς και της θάλασσας

Αποθηκεύτηκε σε:
Λεπτομέρειες βιβλιογραφικής εγγραφής
Κύριος συγγραφέας: Πουλιανός, Αλέξης Ι.
Μορφή: Βιβλίο
Γλώσσα:Greek
Δημοσίευση: Αθήνα : Εταιρεία Λαογραφικών και Ιστορικών Μελετών Ικαρίας, 1976-1977
Θέματα:
Ετικέτες: Προσθήκη ετικέτας
Δεν υπάρχουν, Καταχωρήστε ετικέτα πρώτοι!

MARC

LEADER 00000cam a2200000 i 4500
001 1/81989
008 990519s19761977gr ||| | gre||
035 |l 10050991 
040 |a GR-MyUA  |b gre  |e AACR2 
041 0 |a gre 
082 7 |a 398.09495  |2 (23) 
082 0 |a 390.094958 
100 1 |a Πουλιανός, Αλέξης Ι. 
245 1 0 |a Λαογραφικά Ικαρίας :   |b της στεριάς και της θάλασσας /   |c Αλέξη Ι. Πουλιανού.  
260 |a Αθήνα :   |b Εταιρεία Λαογραφικών και Ιστορικών Μελετών Ικαρίας,   |c 1976-1977 
300 |a 3 τ. :   |b εικ. ;   |c 24 εκ.  
505 0 |a Τ.1: Γλωσσολογικά, αγροτικά, θαλασσινά. -- τ.2: Ποιμενικά, γλωσσολογικά, λατρευτικά, δοξασίες, διάφορα. -- τ.3: Γεωργικά, ποιμενικά, θαλασσινά γλωσσολογικά, θαλασσινά (κ. λ. π.).  
650 0 0 |a Folklore  |z Greece  |z Ikaria (Municipality) 
651 0 |a Ikaria (Greece : Municipality)  |x Social life and customs. 
852 |a INST  |b LESVOS  |e 19990519  |h 390.094958 ΠΟΥ  |p 005100016232  |q 005100016232  |t BK  |y 0  |z τ.1 
852 |a INST  |b LESVOS  |e 19990519  |h 390.094958 ΠΟΥ  |p 005100016233  |q 005100016233  |t BK  |y 0  |z τ.2 
852 |a INST  |b LESVOS  |e 19990519  |h 390.094958 ΠΟΥ  |p 005100016396  |q 005100016396  |t BK  |y 0  |z τ.3 
852 |a INST  |b LESVOS  |e 20000323  |h 390.094958 ΠΟΥ  |p 005100020606  |q 005100020606  |t BK  |y 0  |z τ.3 
852 |a INST  |b LESVOS  |e 20000323  |h 390.094958 ΠΟΥ  |p 005100020607  |q 005100020607  |t BK  |y 0  |z τ.2 
852 |a INST  |b LESVOS  |e 20000323  |h 390.094958 ΠΟΥ  |p 005100020608  |q 005100020608  |t BK  |y 0  |z τ.1 
852 |a INST  |b LESVOS  |e 19990519  |h 390.094958 ΠΟΥ  |p 005100016232  |q 005100016232  |t BK  |v τ.1:  |y 0  |z τ.1 
852 |a INST  |b LESVOS  |e 19990519  |h 390.094958 ΠΟΥ  |p 005100016233  |q 005100016233  |t BK  |v τ.2:  |y 0  |z τ.2 
852 |a INST  |b LESVOS  |e 19990519  |h 390.094958 ΠΟΥ  |p 005100016396  |q 005100016396  |t BK  |v τ.3:  |y 0  |z τ.3 
852 |a INST  |b LESVOS  |e 20000323  |h 390.094958 ΠΟΥ  |p 005100020606  |q 005100020606  |t BK  |v τ.3:  |y 0  |z τ.3 
852 |a INST  |b LESVOS  |e 20000323  |h 390.094958 ΠΟΥ  |p 005100020607  |q 005100020607  |t BK  |v τ.2:  |y 0  |z τ.2 
852 |a INST  |b LESVOS  |e 20000323  |h 390.094958 ΠΟΥ  |p 005100020608  |q 005100020608  |t BK  |v τ.1:  |y 0  |z τ.1 
852 |a INST  |b SAMOS  |e 20230720  |h 398.09495 ΠΟΥ  |p 005300047862  |q 005300047862  |t BK  |v τ.1:  |y 0 
852 |a INST  |b SAMOS  |e 20230720  |h 398.09495 ΠΟΥ  |p 005300047871  |q 005300047871  |t BK  |v τ.3:  |y 0 
853 |a INST  |b LESVOS  |h 390.094958 ΠΟΥ 
853 |a INST  |b SAMOS  |h 398.09495 ΠΟΥ 
909 |a Λ  |b 051698 
909 |a Λ  |b 051699 
909 |a Λ  |b 051700 
909 |a Λ  |b 072762 
909 |a Λ  |b 072763 
909 |a Λ  |b 072764 
920 |a ΠΟΥΛΙΑΝΟΣ  |b ΑΛΕΞΗΣ  |y ΛΕΣΒΟΣ  |z 1999-01 
920 |a ΔΩΡΕΑ ΒΙΒΛΙΟΘΗΚΗΣ  |y ΛΕΣΒΟΣ  |z 1999-12